000
00348nam a2200133Ia 4500
008
231129s9999||||xx |||||||||||||| ||spa||
020
_a
84-7291-659-6
040
_b
spa
082
_a
195 G158e
100
_a
Galileo Galilei
245
0
_a
El ensayador
264
_a
Madrid (EspaƱa): Sarpe
942
_2
ddc
_c
BKS
999
_c
10973
_d
10973